| 000 | 01904nam2a2200241 4500 | ||
|---|---|---|---|
| 001 | RU\NLR\PER_A\002638480_003030 | ||
| 005 | 20250624122501.0 | ||
| 035 | _a(NLR Aleph) 012700680 | ||
| 090 |
_a12877378 _c12877378 |
||
| 100 | _a20220203d2021 |||y0rusy50 ca | ||
| 101 | 0 | _arus | |
| 102 | _aRU | ||
| 200 | 1 |
_aII Научная конференция молодых ученых с международным участием "Актуальные исследования в фармакологии", ФГБНУ "НИИ фармакологии им. В.В. Закусова, 28-29 октября 2021 г. _eматериалы конференции |
|
| 210 |
_d2021 _aБ. м. |
||
| 461 | 0 |
_1001RU\NLR\INFOCOMM10\1000127641 _12001#$aВопросы биологической, медицинской и фармацевтической химии$dProblems of biological, medical and pharmaceutical chemistry$eКв. науч.-практ. журн.$fИзд-во "Медицина" Ком. Рос. Федерации по печати$zeng$v2021, прил. _93765085 _cМ. _d1998- _fИзд-во "Медицина" Ком. Рос. Федерации по печати _lProblems of biological, medical and pharmaceutical chemistry _nМедицина _oКв. науч.-практ. журн. _tВопросы биологической, медицинской и фармацевтической химии _x1560-9596 _v2021, прил. |
|
| 606 | 1 |
_aФармакология _jТезисы докладов _9935345 _3RU\NLR\AUTH\6626577 |
|
| 686 | 1 | _aР281я431(2) | |
| 710 | 1 | 2 |
_a"Актуальные исследования в фармакологии", научная конференция молодых ученых с международным участием _d2 _eМосква _f2021 _9785830 _3RU\NLR\AUTH\880559237 |
| 852 |
_aNLR _jП17/663 |
||
| 942 | _cISSUE | ||
| 980 | _aNB | ||
| 980 | _aRUSPER | ||